000 00388nam a2200157Ia 4500
005 20250613031705.0
008 240331s9999 xx 000 0 und d
020 _a9559525409
082 _bRAJ
_a305
100 _aRajakarunanayake, T.S
245 0 _aTinkiri patiya
260 _aNugegoda
_bNihal Raja Karuna Nayaka
_c1990
300 _a52 p .,
650 _aChildren's Novel
942 _cL
999 _c1539
_d1539